000 00480nam a2200193Ia 4500
005 20250923150324.0
008 008 250917s9999 xx 000 0 eng d
037 _aTextual
040 _aDSWL
_beng
_cDSWL
041 _aeng
_2eng
084 _qDSWL
245 0 _aStatus of the voluntary sector in India
_cEd.by H Nandkarni
260 _aNew Delhi
_bVani
_c2013
300 _a88p.
365 _aINR
_b450
925 _g450
942 _cTEXL
999 _c1462156
_d1462156